000 00486nam a22001817a 4500
003 NUST - PNEC
005 20170116181034.0
008 150919b xxu||||| |||| 00| 0 eng d
020 _a0853127328
020 _a0470200758
040 _cLIBRARY
082 _a621.4368 HAD
100 _911241
_aHaddad, S. D.
245 _aPrinciples and performance in diesel engineering
_cS. D. Haddad
260 _cc.1984
650 _911242
_aAutomobiles--Motors (Diesel)
_xME
942 _2ddc
_cBK
999 _c67835
_d67835